| 000 | 01069nam a22003137a 4500 | ||
|---|---|---|---|
| 003 | CHAP | ||
| 005 | 20220329140107.0 | ||
| 008 | 971013s r 00010 d | ||
| 010 | _a46891 | ||
| 011 | _a47863 | ||
| 035 | _a52006 | ||
| 040 | _cCHAP | ||
| 090 | _aR-3031 | ||
| 100 | 0 | 0 |
_aValdés, Alberto. _9117371 |
| 245 |
_aExport subsidies and minimum access guarantees in agricultural trade _b: a developing country perspective |
||
| 500 | _aSobretiro de: World Development 15 (5): 673-383, 1987 | ||
| 590 |
_aBATCH-UPD _b10 _c20130110 _lUCH01 _h0017 |
||
| 590 |
_aBATCH-UPD _b10 _c20130110 _lUCH01 _h1755 |
||
| 590 |
_aBATCH-UPD _b10 _c20130409 _lUCH01 _h1956 |
||
| 590 |
_aBATCH-UPD _b10 _c20130410 _lUCH01 _h1132 |
||
| 590 |
_aBATCH-UPD _b10 _c20130913 _lUCH01 _h2020 |
||
| 590 |
_aCONVERSION _b10 _c20130109 _lUCH01 _h1326 |
||
| 650 | 1 | 4 |
_aAgricultura _xAspectos económicos _xPaíses subdesarrollados. _91281 |
| 650 | 1 | 4 |
_aSubsidios. _9110160 |
| 700 | 0 |
_aZietz, Joachim. _9124014 |
|
| 901 | _aBK | ||
| 942 | _cREIMP | ||
| 949 |
_aR-3031 _bBC _cR _d-116090 _eTS1 _i52006 _si |
||
| 999 |
_c46891 _d46891 |
||